[Event "Regionalliga Nord-West 1819"]
[Site "Bayern"]
[Date "2018.12.16"]
[Round "4.8"]
[White "Karl, Winfried"]
[Black "Gerhard, Michael"]
[Result "1-0"]
[WhiteElo "1913"]
[BlackElo "1780"]
[PlyCount "99"]
[EventDate "2018.10.21"]
[EventType "team-tourn"]
[EventRounds "9"]
[EventCountry "GER"]
[SourceTitle "EXT 2022"]
[Source "ChessBase"]
[SourceDate "2021.10.06"]
[SourceVersion "1"]
[SourceVersionDate "2021.10.06"]
[SourceQuality "1"]
[WhiteTeam "Sailauf"]
[BlackTeam "Stetten"]
[WhiteTeamCountry "GER"]
[BlackTeamCountry "GER"]

1. Nf3 d6 2. d4 Nf6 3. g3 g6 4. Bg2 Bg7 5. c4 0-0 6. 0-0 Nbd7 7. Nc3 e5 8. e4 Nh5 9. Bg5 f6 10. Be3 exd4 11. Nxd4 Ne5 12. Qe2 Ng4 13. Nc2 Nxe3 14. Qxe3 Be6 15. Rfe1 Qd7 16. c5 Qe7 17. cxd6 Qxd6 18. Rad1 Qe7 19. h3 Bh8 20. g4 Ng7 21. f4 Bf7 22. Nd5 Bxd5 23. exd5 Qxe3+ 24. Rxe3 Rfe8 25. b3 Rad8 26. Rde1 Rxe3 27. Rxe3 Re8 28. d6 cxd6 29. Bxb7 Rxe3 30. Nxe3 Ne8 31. f5 g5 32. Nd5 Kf7 33. Bc8 Ng7 34. Bd7 h5 35. b4 hxg4 36. hxg4 Ne8 37. a4 Bg7 38. Kf2 Bf8 39. Be6+ Kg7 40. b5 Nc7 41. Nxc7 Be7 42. a5 d5 43. Nxd5 Bc5+ 44. Ke2 Bd4 45. Kd3 Bf2 46. Kc4 Bg3 47. Kc5 Be1 48. a6 Bf2+ 49. Kc6 Bd4 50. b6 1-0